Chaîne de mots contenant des doubles lettres - Statistiques

Statistiques générales
  • Ce quiz a été pris 135 fois
  • Le résultat moyen est 12 sur 20
Statistiques - réponses
Question Réponse % Correct
Il est conseillé d'en boire seulement avec modération Alcool
93%
? - Délivrée, je ne mentirai plus jamais Libérée
90%
A ce jeu les voyelles valent 1 points sauf le Y qui en vaut 10 Scrabble
88%
Ville des Beatles Liverpool
80%
Un 360 dans un parc d'attraction Looping
79%
Résultats des additions Sommes
79%
Blé noir, sarrasin sont des ingrédients pour sa fabrication bretonne Galette
75%
Dans une discussion il y a l'_ _ _ _ _ _ _ _ et le récepteur Émetteur
73%
Le cheval cabré italien Ferrari
70%
Information très importante pour un journaliste Scoop
67%
Grande ville au centre du Texas Dallas
65%
C'est plus que bien Excellent
62%
Musicien français, prénommé Michel qui a une maladie des yeux Polnareff
62%
Qui est virtuel Irréel
60%
Pilote brésilien plusieurs fois champion de F1 Senna
56%
La plupart décollent a Kourou en Guyane Fusées
55%
Joueur de tennis danois prénommé Casper Ruud
39%
Qui relève du récit Narratif
29%
Ensemble de personnes travaillant dans une entreprise Effectif
11%
Action d'exposer un aliment à un feu direct ou à une source de chaleur adaptée Torréfaction
4%
Aucun quiz correspondant
Distribution des résultats
% des personnes avec chaque résultat
Percentile par nombre de réponses
Votre historique - résultats
Vous n’avez pas pris ce quiz